<?xml version="1.0" encoding="UTF-8"?>
<record
    xmlns:xsi="http://www.w3.org/2001/XMLSchema-instance"
    xsi:schemaLocation="http://www.loc.gov/MARC21/slim http://www.loc.gov/standards/marcxml/schema/MARC21slim.xsd"
    xmlns="http://www.loc.gov/MARC21/slim">

  <leader>03262nam a2200553Ia 4500</leader>
  <controlfield tag="001">1390</controlfield>
  <controlfield tag="008">241029s9999    xx            000 0 und d</controlfield>
  <datafield tag="010" ind1=" " ind2=" ">
    <subfield code="a">1295</subfield>
  </datafield>
  <datafield tag="041" ind1=" " ind2=" ">
    <subfield code="a">Espa&#xF1;ol</subfield>
  </datafield>
  <datafield tag="082" ind1=" " ind2=" ">
    <subfield code="a">MCETE-33</subfield>
  </datafield>
  <datafield tag="245" ind1=" " ind2="0">
    <subfield code="a">Las Fortalezas y Debilidades de la Evaluaci&#xF3;n en el Sector Educativo P&#xFA;blico-Urbano, Nivel Medio Distrito Educativo No.11-04,Municipio Luper&#xF3;n, Provincia de Puerto Plata Rep&#xFA;blica Dominicana</subfield>
  </datafield>
  <datafield tag="260" ind1=" " ind2=" ">
    <subfield code="a">Puerto Plata</subfield>
  </datafield>
  <datafield tag="300" ind1=" " ind2=" ">
    <subfield code="a">63</subfield>
  </datafield>
  <datafield tag="520" ind1=" " ind2=" ">
    <subfield code="a">31</subfield>
  </datafield>
  <datafield tag="630" ind1=" " ind2=" ">
    <subfield code="a">Efectividad</subfield>
  </datafield>
  <datafield tag="630" ind1=" " ind2=" ">
    <subfield code="a">Evaluaci&#xF3;n</subfield>
  </datafield>
  <datafield tag="630" ind1=" " ind2=" ">
    <subfield code="a">Normas</subfield>
  </datafield>
  <datafield tag="630" ind1=" " ind2=" ">
    <subfield code="a">Proceso de Evaluaci&#xF3;n</subfield>
  </datafield>
  <datafield tag="650" ind1=" " ind2=" ">
    <subfield code="a">Administraci&#xF3;n de la Educaci&#xF3;n</subfield>
  </datafield>
  <datafield tag="690" ind1=" " ind2=" ">
    <subfield code="a">Elaborado</subfield>
  </datafield>
  <datafield tag="700" ind1=" " ind2=" ">
    <subfield code="e">asesor</subfield>
    <subfield code="a">Pe&#xF1;a, Arnaldo P.</subfield>
  </datafield>
  <datafield tag="700" ind1=" " ind2=" ">
    <subfield code="e">autor</subfield>
    <subfield code="a"> Morrobel, Violeta</subfield>
  </datafield>
  <datafield tag="901" ind1=" " ind2=" ">
    <subfield code="a">{"1":" Morrobel"}</subfield>
    <subfield code="b">{"1":"Violeta"}</subfield>
  </datafield>
  <datafield tag="902" ind1=" " ind2=" ">
    <subfield code="a">1</subfield>
  </datafield>
  <datafield tag="903" ind1=" " ind2=" ">
    <subfield code="a">{"1":"Pe&#xF1;a"}</subfield>
    <subfield code="b">{"1":"Arnaldo P."}</subfield>
  </datafield>
  <datafield tag="904" ind1=" " ind2=" ">
    <subfield code="a">Mag&#xED;ster en</subfield>
  </datafield>
  <datafield tag="905" ind1=" " ind2=" ">
    <subfield code="a">Administraci&#xF3;n Escolar</subfield>
  </datafield>
  <datafield tag="906" ind1=" " ind2=" ">
    <subfield code="a">2</subfield>
  </datafield>
  <datafield tag="907" ind1=" " ind2=" ">
    <subfield code="a">NO APLICA</subfield>
  </datafield>
  <datafield tag="908" ind1=" " ind2=" ">
    <subfield code="a">NO APLICA</subfield>
  </datafield>
  <datafield tag="909" ind1=" " ind2=" ">
    <subfield code="a">Universidad Tecnol&#xF3;gica de Santiago (UTESA), Campus Central Herrera</subfield>
  </datafield>
  <datafield tag="910" ind1=" " ind2=" ">
    <subfield code="a">NULL</subfield>
    <subfield code="b">NULL</subfield>
  </datafield>
  <datafield tag="911" ind1=" " ind2=" ">
    <subfield code="a">["1"]</subfield>
  </datafield>
  <datafield tag="912" ind1=" " ind2=" ">
    <subfield code="a">NO APLICA</subfield>
  </datafield>
  <datafield tag="913" ind1=" " ind2=" ">
    <subfield code="a">NULL</subfield>
  </datafield>
  <datafield tag="914" ind1=" " ind2=" ">
    <subfield code="a">08 de Enero de 2004</subfield>
  </datafield>
  <datafield tag="915" ind1=" " ind2=" ">
    <subfield code="a">NULL</subfield>
  </datafield>
  <datafield tag="916" ind1=" " ind2=" ">
    <subfield code="a">NULL</subfield>
  </datafield>
  <datafield tag="917" ind1=" " ind2=" ">
    <subfield code="a">NULL</subfield>
  </datafield>
  <datafield tag="918" ind1=" " ind2=" ">
    <subfield code="a">NO APLICA</subfield>
  </datafield>
  <datafield tag="919" ind1=" " ind2=" ">
    <subfield code="a">["219","97","267","164"]</subfield>
  </datafield>
  <datafield tag="520" ind1=" " ind2=" ">
    <subfield code="a">La investigaci&#xF3;n consisti&#xF3; en determinar la efectividad del uso y cumplimento de las normas y procedimientos oficiales y de los resultados del proceso de evaluaci&#xF3;n aplicados a los Centros Educativos p&#xFA;blicos ? urbanos, en el Nivel medio del Distrito Educativo No. 11-04 del municipio Luper&#xF3;n, provincia de Puerto Plata Rep&#xFA;blica Dominicana.La metodolog&#xED;a empleada es de car&#xE1;cter descriptivo y no experimental, permiti&#xF3; identificar las principales fortalezas y debilidades de la evaluaci&#xF3;n en el sector urbano, en el Nivel Medio del Distrito Educativo No. 11-04, en el municipio Luper&#xF3;n, provincia de Puerto Plata Rep&#xFA;blica Dominicana.La muestra fue probabil&#xED;stica, de 26 personas escogidas aleatoriamente y distribuida de la forma siguiente: 7 corresponden a personal de gesti&#xF3;n del Liceo Gregorio Luper&#xF3;n, 4 personas del Distrito Educativo No. 11-04 y para contrastar los datos e informaciones recopilados se incluyen 13 alumnos del Liceo y 2 miembros de la sociedad de Padres y madres y amigos de la escuela SPMAE.Las conclusiones revelan que existe un gran desconocimiento por un lado del contenido de las disposiciones oficiales relacionadas con la evoluci&#xF3;n de Centros Educativos. La mayor&#xED;a lo asocia con la evoluci&#xF3;n tradicional de los alumnos cuando en realidad debe cubrir los &#xE1;mbitos siguientes: el centro, la gesti&#xF3;n y el alumno.Tambi&#xE9;n indica la gran cantidad de reuniones sostenidas semanalmente por los maestros y el tratamiento de temas en el aula que no ten&#xED;an que ver con la docencia. Por lo que se le recomienda el uso eficaz del tiempo, cumpliendo estrictamente el horario oficial establecido en el Liceo de 8:00 a.m -1:15 p.m, gestionar el mobiliario adicional requerido en el Liceo para garantizar su funcionamiento adecuada.</subfield>
  </datafield>
  <datafield tag="921" ind1=" " ind2=" ">
    <subfield code="a">11</subfield>
  </datafield>
  <datafield tag="922" ind1=" " ind2=" ">
    <subfield code="a">11</subfield>
  </datafield>
  <datafield tag="923" ind1=" " ind2=" ">
    <subfield code="a">0</subfield>
  </datafield>
  <datafield tag="924" ind1=" " ind2=" ">
    <subfield code="a">NO APLICA</subfield>
  </datafield>
  <datafield tag="942" ind1=" " ind2=" ">
    <subfield code="c">Tesis</subfield>
  </datafield>
  <datafield tag="999" ind1=" " ind2=" ">
    <subfield code="c">1295</subfield>
    <subfield code="d">1295</subfield>
  </datafield>
</record>
